[Event "Russian Higher League 2021"]
[Site "?"]
[Date "2021.07.02"]
[Round "6.23"]
[White "Tugarin, Anton"]
[Black "Zabotin, Alexander"]
[Result "0-1"]
[WhiteElo "2247"]
[BlackElo "2506"]
[Annotator ""]
[Source ""]
[Remark ""]

1.e4 {[%clk 1:27:14]} g6 {[%clk 1:30:56]} 2.d4 {[%clk 1:27:27]}
Bg7 {[%clk 1:31:22]} 3.Nc3 {[%clk 1:26:52]} d6 {[%clk 1:31:45]}
4.Be3 {[%clk 1:26:49]} a6 {[%clk 1:32:11]} 5.h4 {[%clk 1:26:49]}
Nf6 {[%clk 1:31:26]} 6.f3 {[%clk 1:26:47]} b5 {[%clk 1:29:18]}
7.Qd2 {[%clk 1:26:56]} h5 {[%clk 1:24:58]} 8.O-O-O {[%clk 1:25:11]}
b4 {[%clk 1:23:53]} 9.Nce2 {[%clk 1:24:35]} a5 {[%clk 1:23:00]}
10.Kb1 {[%clk 1:24:10]} Nbd7 {[%clk 1:21:38]} 11.Nf4 {[%clk 1:04:56]}
e5 {[%clk 1:12:46]} 12.Nfh3 {[%clk 0:54:13]} Qe7 {[%clk 1:01:00]}
13.d5 {[%clk 0:50:14]} Nb6 {[%clk 0:59:09]} 14.Ng5 {[%clk 0:48:05]}
Nh7 {[%clk 0:51:34]} 15.Nxh7 {[%clk 0:41:51]} Rxh7 {[%clk 0:51:59]}
16.Nh3 {[%clk 0:41:37]} Bxh3 {[%clk 0:48:02]} 17.Rxh3 {[%clk 0:41:56]}
Bf6 {[%clk 0:48:05]} 18.g3 {[%clk 0:38:41]} Qd7 {[%clk 0:44:31]}
19.Rh2 {[%clk 0:38:45]} Kf8 {[%clk 0:36:46]} 20.c3 {[%clk 0:29:47]}
bxc3 {[%clk 0:33:59]} 21.Qxc3 {[%clk 0:29:33]} Kg7 {[%clk 0:34:17]}
22.Rc1 {[%clk 0:29:02]} Ra7 {[%clk 0:34:43]} 23.Qc6 {[%clk 0:28:44]}
Qd8 {[%clk 0:35:05]} 24.Bb5 {[%clk 0:25:53]} Rh8 {[%clk 0:35:15]}
25.Rhc2 {[%clk 0:24:54]} Qb8 {[%clk 0:33:29]} 26.a4 {[%clk 0:23:41]}
Qd8 {[%clk 0:29:34]} 27.Rc3 {[%clk 0:22:40]} Qb8 {[%clk 0:28:07]}
28.Rb3 {[%clk 0:22:21]} Be7 {[%clk 0:17:44]} 29.Bd3 {[%clk 0:21:15]}
Qa8 {[%clk 0:17:54]} 30.Bb5 {[%clk 0:14:46]} f5 {[%clk 0:08:13]}
31.exf5 {[%clk 0:12:10]} Qxc6 {[%clk 0:08:05]} 32.Bxc6 {[%clk 0:12:34]}
gxf5 {[%clk 0:08:14]} 33.Rb5 {[%clk 0:11:16]} f4 {[%clk 0:06:38]}
34.gxf4 {[%clk 0:11:40]} exf4 {[%clk 0:07:02]} 35.Bf2 {[%clk 0:12:06]}
Bf6 {[%clk 0:07:21]} 36.Rg1+ {[%clk 0:08:41]} Kf7 {[%clk 0:07:47]}
37.Kc2 {[%clk 0:08:57]} Ra6 {[%clk 0:07:41]} 38.b3 {[%clk 0:08:08]}
Rh6 {[%clk 0:03:41]} 39.Kd3 {[%clk 0:07:58]} Ke7 {[%clk 0:03:07]}
40.Ke4 {[%clk 0:37:10]} Be5 {[%clk 0:33:18]} 41.Rc1 {[%clk 0:30:48]}
Ra7 {[%clk 0:25:47]} 42.b4 {[%clk 0:23:40]} axb4 {[%clk 0:26:13]}
43.a5 {[%clk 0:23:58]} b3 {[%clk 0:26:34]} 44.axb6 {[%clk 0:23:52]}
Ra4+ {[%clk 0:26:24]} 45.Kd3 {[%clk 0:24:10]} b2 {[%clk 0:26:51]}
46.Re1 {[%clk 0:09:54]} Ra3+ {[%clk 0:23:56]} 47.Ke4 {[%clk 0:07:49]}
cxb6 {[%clk 0:23:49]} 48.Rxb6 {[%clk 0:07:20]} Ra1 {[%clk 0:14:09]}
49.Kd3 {[%clk 0:06:24]} Ra3+ {[%clk 0:08:38]} 50.Kc2 {[%clk 0:06:15]}
b1Q+ {[%clk 0:07:51]} 51.Rexb1 {[%clk 0:03:13]} Ra2+ {[%clk 0:08:14]}
52.R1b2 {[%clk 0:03:38]} Rxb2+ {[%clk 0:08:41]} 53.Rxb2 {[%clk 0:04:01]}
Bxb2 {[%clk 0:09:09]} 54.Kxb2 {[%clk 0:04:29]} Rg6 {[%clk 0:09:31]}
55.Kc3 {[%clk 0:04:50]} Rg3 {[%clk 0:09:52]} 56.Kd3 {[%clk 0:03:44]}
Rxf3+ {[%clk 0:10:17]} 57.Ke2 {[%clk 0:04:12]} Ra3 {[%clk 0:09:56]}
58.Bb5 {[%clk 0:03:47]} Kf6 {[%clk 0:09:47]} 59.Bd3 {[%clk 0:04:00]}
Ke5 {[%clk 0:09:44]} 60.Bg6 {[%clk 0:04:20]} f3+ {[%clk 0:09:23]}
61.Kd2 {[%clk 0:03:48]} Kf4 {[%clk 0:07:32]} 62.Bxh5 {[%clk 0:03:40]}
Ra2+ {[%clk 0:07:56]} 63.Ke1 {[%clk 0:04:09]} Re2+ {[%clk 0:05:12]}
64.Kf1 {[%clk 0:04:38]} Rd2 {[%clk 0:05:38]} 65.Ke1 {[%clk 0:04:42]}
Rxd5 {[%clk 0:05:47]} 66.Bg6 {[%clk 0:05:08]} Re5+ {[%clk 0:06:03]}
67.Kf1 {[%clk 0:05:30]} Ra5 {[%clk 0:06:06]} 68.Ke1 {[%clk 0:05:50]}
Ra1+ {[%clk 0:06:14]} 69.Kd2 {[%clk 0:06:19]} Rf1 {[%clk 0:05:36]}
70.Be3+ {[%clk 0:06:45]} Kg3 {[%clk 0:05:54]} 71.h5 {[%clk 0:07:07]}
f2 {[%clk 0:03:59]} 72.Bd3 {[%clk 0:07:29]} Rh1 {[%clk 0:01:52]}
73.h6 {[%clk 0:07:55]} f1Q {[%clk 0:02:06]} 74.Bxf1 {[%clk 0:08:23]}
Rxf1 {[%clk 0:02:34]} 75.Bd4 {[%clk 0:08:05]} Rh1 {[%clk 0:02:12]}
76.Bg7 {[%clk 0:08:33]} Kf4 {[%clk 0:01:49]} 77.Kd3 {[%clk 0:07:03]}
Kf5 {[%clk 0:02:10]} 78.Kd4 {[%clk 0:07:26]} Ke6 {[%clk 0:02:39]}
79.Ke4 {[%clk 0:07:46]} Rh4+ {[%clk 0:03:04]} 80.Kf3 {[%clk 0:07:53]}
Kf5 {[%clk 0:02:18]} 81.Kg3 {[%clk 0:08:10]} Rh5 {[%clk 0:02:37]}
82.Bf8 {[%clk 0:08:20]} d5 {[%clk 0:02:36]} 83.Bg7 {[%clk 0:08:48]}
Rh1 {[%clk 0:02:53]} 84.Kg2 {[%clk 0:08:58]} Rh4 {[%clk 0:03:18]}
85.Kg3 {[%clk 0:09:21]} Rh5 {[%clk 0:03:44]} 86.Kf3 {[%clk 0:09:32]}
Rh3+ {[%clk 0:04:08]} 87.Kg2 {[%clk 0:09:57]} Kg4 {[%clk 0:04:34]}
88.Kf2 {[%clk 0:10:22]} Kf4 {[%clk 0:04:58]} 89.Kg2 {[%clk 0:09:27]}
Rh5 {[%clk 0:04:39]} 90.Kf2 {[%clk 0:09:47]} Ke4 {[%clk 0:03:48]}
91.Kg3 {[%clk 0:10:10]} d4 {[%clk 0:01:24]} 92.Kg4 {[%clk 0:10:36]}
Rh1 {[%clk 0:01:37]} 93.Kg5 {[%clk 0:10:41]} Rg1+ {[%clk 0:01:59]}
94.Kh4 {[%clk 0:09:47]} d3 {[%clk 0:01:49]} 95.Bc3 {[%clk 0:10:12]}
Kf5 {[%clk 0:01:28]} 96.h7 {[%clk 0:06:20]} Rh1+ {[%clk 0:01:52]}
97.Kg3 {[%clk 0:06:49]} Rxh7 {[%clk 0:02:15]} 98.Kf2 {[%clk 0:07:11]}
Re7 {[%clk 0:02:27]} 0-1

[Event "Russian Higher League 2021"]
[Site "?"]
[Date "2021.07.02"]
[Round "6.24"]
[White "Samojlov, Anton"]
[Black "Rudovskii, Filipp"]
[Result "1-0"]
[WhiteElo "2372"]
[BlackElo "2260"]
[Annotator ""]
[Source ""]
[Remark ""]

1.d4 {[%clk 1:30:58]} Nf6 {[%clk 1:30:46]} 2.c4 {[%clk 1:31:18]}
g6 {[%clk 1:30:32]} 3.Nf3 {[%clk 1:31:25]} Bg7 {[%clk 1:30:46]}
4.g3 {[%clk 1:31:47]} O-O {[%clk 1:31:06]} 5.Bg2 {[%clk 1:32:07]}
d5 {[%clk 1:31:22]} 6.O-O {[%clk 1:32:26]} Nc6 {[%clk 1:27:11]}
7.Nbd2 {[%clk 1:28:29]} Re8 {[%clk 1:24:47]} 8.e3 e5 {[%clk 1:11:26]}
9.Nxe5 {[%clk 1:21:43]} Nxe5 {[%clk 1:11:44]} 10.dxe5 {[%clk 1:22:05]}
Rxe5 {[%clk 1:10:48]} 11.cxd5 {[%clk 1:22:14]} Bg4 {[%clk 0:54:19]}
12.f3 {[%clk 1:14:28]} Bd7 {[%clk 0:39:03]} 13.e4 {[%clk 1:13:14]}
Bb5 {[%clk 0:38:42]} 14.Rf2 {[%clk 1:07:53]} Qe7 {[%clk 0:34:13]}
15.Nf1 {[%clk 1:04:48]} Rd8 {[%clk 0:30:26]} 16.Bf4 {[%clk 1:03:16]}
Nd7 {[%clk 0:25:29]} 17.Qb3 {[%clk 1:01:32]} c6 {[%clk 0:24:16]}
18.Rd1 {[%clk 0:58:00]} Nc5 {[%clk 0:23:48]} 19.Qa3 {[%clk 0:57:15]}
cxd5 {[%clk 0:19:01]} 20.Bxe5 {[%clk 0:55:07]} Bxe5 {[%clk 0:19:27]}
21.Ne3 {[%clk 0:54:51]} d4 {[%clk 0:14:37]} 22.Nd5 {[%clk 0:54:38]}
Rxd5 {[%clk 0:14:57]} 23.exd5 {[%clk 0:54:41]} d3 {[%clk 0:14:48]}
24.Qb4 {[%clk 0:53:54]} Ba6 {[%clk 0:12:13]} 25.Re1 {[%clk 0:50:40]}
d2 {[%clk 0:11:21]} 26.Rxd2 {[%clk 0:47:05]} 1-0

[Event "Russian Higher League 2021"]
[Site "?"]
[Date "2021.07.02"]
[Round "6.25"]
[White "Ibadov, Dashgyn"]
[Black "Borisov, Maxim S."]
[Result "1/2-1/2"]
[WhiteElo "2285"]
[BlackElo "2051"]
[Annotator ""]
[Source ""]
[Remark ""]

1.e4 {[%clk 1:30:56]} c6 {[%clk 1:30:56]} 2.d4 {[%clk 1:31:22]}
d5 {[%clk 1:31:22]} 3.e5 {[%clk 1:31:48]} c5 {[%clk 1:31:48]}
4.dxc5 {[%clk 1:32:10]} e6 {[%clk 1:32:12]} 5.Be3 {[%clk 1:32:30]}
Nh6 {[%clk 1:32:35]} 6.Nf3 {[%clk 1:32:14]} Nf5 {[%clk 1:32:55]}
7.Bg5 {[%clk 1:32:26]} Qc7 {[%clk 1:33:18]} 8.Bd3 {[%clk 1:32:13]}
h6 {[%clk 1:33:06]} 9.Bc1 {[%clk 1:31:50]} Nc6 {[%clk 1:26:32]}
10.O-O {[%clk 1:26:59]} Nfd4 {[%clk 1:22:10]} 11.Nxd4 {[%clk 1:26:18]}
Nxd4 {[%clk 1:22:37]} 12.Be3 {[%clk 1:17:11]} Nc6 {[%clk 1:22:55]}
13.f4 {[%clk 1:17:30]} Qa5 {[%clk 1:23:03]} 14.Nd2 {[%clk 1:15:35]}
Bxc5 {[%clk 1:23:19]} 15.Bxc5 {[%clk 1:15:58]} Qxc5+ {[%clk 1:23:48]}
16.Kh1 {[%clk 1:16:22]} O-O {[%clk 1:21:56]} 17.c3 {[%clk 1:11:52]}
f6 {[%clk 1:18:20]} 18.Qe2 {[%clk 1:08:38]} Bd7 {[%clk 1:17:37]}
19.Rae1 {[%clk 1:05:53]} fxe5 {[%clk 1:14:38]} 20.fxe5 {[%clk 1:06:18]}
Rxf1+ {[%clk 1:14:52]} 21.Rxf1 {[%clk 1:06:44]} Rf8 {[%clk 1:15:14]}
22.Nf3 {[%clk 1:05:12]} Be8 {[%clk 1:15:23]} 23.h3 {[%clk 1:01:45]}
g5 {[%clk 1:10:52]} 24.Bb1 {[%clk 0:33:59]} Qe7 {[%clk 1:10:04]}
25.Re1 {[%clk 0:21:56]} Qg7 {[%clk 1:10:00]} 26.c4 {[%clk 0:16:35]}
Bh5 {[%clk 0:56:49]} 27.g4 {[%clk 0:16:43]} Bg6 {[%clk 0:57:14]}
28.Bxg6 {[%clk 0:14:47]} Qxg6 {[%clk 0:57:43]} 29.cxd5 {[%clk 0:15:07]}
exd5 {[%clk 0:58:12]} 30.Kg2 {[%clk 0:13:49]} Qe6 {[%clk 0:57:10]}
31.Rd1 {[%clk 0:09:38]} Rf4 {[%clk 0:56:16]} 32.Qb5 {[%clk 0:08:50]}
Rb4 {[%clk 0:52:05]} 33.Qxd5 {[%clk 0:08:19]} Rxb2+ {[%clk 0:52:27]}
34.Kg3 {[%clk 0:08:46]} Qxd5 {[%clk 0:52:50]} 35.Rxd5 {[%clk 0:09:12]}
Rxa2 {[%clk 0:53:04]} 36.h4 {[%clk 0:09:03]} Re2 {[%clk 0:52:27]}
37.hxg5 {[%clk 0:08:26]} hxg5 {[%clk 0:52:54]} 38.Nxg5 {[%clk 0:06:38]}
Nxe5 {[%clk 0:43:43]} 39.Kf4 {[%clk 0:05:05]} Ng6+ {[%clk 0:44:01]}
40.Kf3 {[%clk 0:35:29]} Re7 {[%clk 1:14:18]} 41.Ne4 {[%clk 0:33:38]}
Kf7 {[%clk 1:07:22]} 42.Ke3 {[%clk 0:31:19]} b6 {[%clk 1:03:49]}
43.Kd4 {[%clk 0:31:05]} Nh4 {[%clk 0:54:54]} 44.Rh5 {[%clk 0:29:55]}
Ng6 {[%clk 0:52:38]} 1/2-1/2

[Event "Russian Higher League 2021"]
[Site "?"]
[Date "2021.07.02"]
[Round "6.26"]
[White "Chyndygyr, Tamerlan"]
[Black "Gitelson, Arkady"]
[Result "1-0"]
[WhiteElo "2121"]
[BlackElo "2230"]
[Annotator ""]
[Source ""]
[Remark ""]

1.d4 {[%clk 1:30:57]} Nf6 {[%clk 1:30:14]} 2.c4 {[%clk 1:31:20]}
g6 {[%clk 1:30:41]} 3.Nc3 {[%clk 1:31:44]} Bg7 {[%clk 1:31:09]}
4.e4 {[%clk 1:31:56]} d6 {[%clk 1:31:36]} 5.Be2 {[%clk 1:32:20]}
O-O {[%clk 1:32:01]} 6.Nf3 {[%clk 1:32:44]} e5 {[%clk 1:32:27]}
7.Be3 {[%clk 1:33:01]} Nbd7 {[%clk 1:32:24]} 8.O-O {[%clk 1:33:23]}
c6 {[%clk 1:32:51]} 9.d5 {[%clk 1:33:48]} c5 {[%clk 1:32:49]}
10.Ne1 {[%clk 1:33:05]} Ne8 {[%clk 1:31:48]} 11.g4 {[%clk 1:32:47]}
f5 {[%clk 1:29:25]} 12.exf5 {[%clk 1:33:08]} gxf5 {[%clk 1:29:46]}
13.gxf5 {[%clk 1:33:32]} Nb6 {[%clk 1:29:29]} 14.Kh1 {[%clk 1:31:15]}
Bxf5 {[%clk 1:28:24]} 15.Rg1 {[%clk 1:31:25]} Kh8 {[%clk 1:26:29]}
16.Rg3 {[%clk 1:30:53]} Nf6 {[%clk 1:20:18]} 17.Qd2 {[%clk 1:23:50]}
Qe7 {[%clk 1:17:03]} 18.Ng2 {[%clk 1:18:16]} Ne4 {[%clk 1:02:53]}
19.Nxe4 {[%clk 1:16:08]} Bxe4 {[%clk 1:03:20]} 20.f3 {[%clk 1:14:00]}
Bg6 {[%clk 1:03:46]} 21.Bg5 {[%clk 1:13:16]} Bf6 {[%clk 1:01:25]}
22.Nh4 {[%clk 1:11:51]} Bxg5 {[%clk 0:42:40]} 23.Nxg6+ {[%clk 1:11:31]}
hxg6 {[%clk 0:43:06]} 24.Rxg5 {[%clk 1:11:49]} Rf6 {[%clk 0:41:57]}
25.Rag1 {[%clk 1:09:38]} Rg8 {[%clk 0:33:37]} 26.Bd3 {[%clk 1:03:37]}
Qf7 {[%clk 0:28:53]} 27.Qg2 {[%clk 1:00:19]} Kh7 {[%clk 0:24:59]}
28.Qh3+ {[%clk 0:59:03]} Kg7 {[%clk 0:25:24]} 29.Bxg6 {[%clk 0:59:11]}
Rxg6 {[%clk 0:25:50]} 30.Rxg6+ {[%clk 0:59:33]} Qxg6 {[%clk 0:26:15]}
31.Rxg6+ {[%clk 0:59:48]} Kxg6 {[%clk 0:26:43]} 32.Qe6+ {[%clk 1:00:11]}
Kh7 {[%clk 0:27:08]} 33.Qxd6 {[%clk 1:00:18]} Nxc4 {[%clk 0:27:28]}
34.Qxc5 {[%clk 1:00:42]} 1-0

[Event "Russian Higher League 2021"]
[Site "?"]
[Date "2021.07.02"]
[Round "6.27"]
[White "Nurachev, Abdul"]
[Black "Askerov, Marat"]
[Result "1-0"]
[WhiteElo "1773"]
[BlackElo "2354"]
[Annotator ""]
[Source ""]
[Remark ""]

1.e4 {[%clk 1:30:54]} c6 {[%clk 1:30:57]} 2.d4 {[%clk 1:31:18]}
d5 {[%clk 1:31:23]} 3.exd5 {[%clk 1:31:42]} cxd5 {[%clk 1:31:50]}
4.Bd3 {[%clk 1:32:03]} Nc6 {[%clk 1:32:15]} 5.c3 {[%clk 1:32:28]}
Qc7 {[%clk 1:30:23]} 6.h3 {[%clk 1:29:27]} e6 {[%clk 1:29:06]}
7.Nf3 {[%clk 1:29:28]} Bd6 {[%clk 1:29:31]} 8.O-O {[%clk 1:29:40]}
Nge7 {[%clk 1:29:57]} 9.Re1 {[%clk 1:29:44]} Bd7 {[%clk 1:29:56]}
10.b3 {[%clk 1:27:17]} f6 {[%clk 1:24:16]} 11.c4 {[%clk 1:23:37]}
Kf7 {[%clk 1:24:18]} 12.Nc3 {[%clk 1:17:45]} a6 {[%clk 1:21:11]}
13.Be3 {[%clk 0:54:32]} Rad8 {[%clk 1:15:35]} 14.Qd2 {[%clk 0:52:26]}
Qb8 {[%clk 1:08:50]} 15.a3 {[%clk 0:45:58]} Bc7 {[%clk 0:52:06]}
16.b4 {[%clk 0:38:21]} h6 {[%clk 0:51:44]} 17.Qa2 {[%clk 0:36:24]}
Bc8 {[%clk 0:49:15]} 18.Re2 {[%clk 0:35:51]} Rhe8 {[%clk 0:42:52]}
19.Rae1 {[%clk 0:35:12]} Bb6 {[%clk 0:35:14]} 20.cxd5 {[%clk 0:15:06]}
exd5 {[%clk 0:34:32]} 21.Bd2 {[%clk 0:12:55]} Qd6 {[%clk 0:24:05]}
22.Ne4 {[%clk 0:12:11]} Qc7 {[%clk 0:20:13]} 23.Nc5 {[%clk 0:11:32]}
g5 {[%clk 0:17:15]} 24.Bc3 {[%clk 0:08:07]} g4 {[%clk 0:15:44]}
25.Nh4 {[%clk 0:07:11]} gxh3 {[%clk 0:15:09]} 26.g3 {[%clk 0:07:07]}
Rg8 {[%clk 0:15:09]} 27.Kh2 {[%clk 0:05:38]} Rg4 {[%clk 0:14:52]}
28.Re4 {[%clk 0:05:29]} h5 {[%clk 0:13:40]} 29.Rxg4 {[%clk 0:04:01]}
hxg4 {[%clk 0:13:57]} 30.Qc2 {[%clk 0:03:56]} Bxc5 {[%clk 0:09:58]}
31.bxc5 {[%clk 0:02:36]} Rh8 {[%clk 0:09:24]} 32.Nf5 {[%clk 0:02:24]}
Nxf5 {[%clk 0:07:01]} 33.Bxf5 {[%clk 0:02:54]} Ne7 {[%clk 0:07:25]}
34.Bd3 {[%clk 0:02:44]} Be6 {[%clk 0:06:39]} 35.Bd2 {[%clk 0:02:08]}
Qd7 {[%clk 0:05:49]} 36.Bf4 {[%clk 0:01:56]} Nf5 {[%clk 0:04:25]}
37.Rxe6 {[%clk 0:01:51]} Qxe6 {[%clk 0:02:57]} 38.Bxf5 {[%clk 0:02:16]}
Qe1 {[%clk 0:03:04]} 39.Bxg4 {[%clk 0:02:04]} Qf1 {[%clk 0:02:11]}
40.Bf3 {[%clk 0:32:22]} Kg7 {[%clk 0:32:10]} 41.Be3 {[%clk 0:30:11]} 1-0

[Event "Russian Higher League 2021"]
[Site "?"]
[Date "2021.07.03"]
[Round "7.1"]
[White "Ponkratov, Pavel"]
[Black "Goryachkina, Aleksandra"]
[Result "1-0"]
[WhiteElo "2627"]
[BlackElo "2596"]
[Annotator ""]
[Source ""]
[Remark ""]

1.e4 {[%clk 1:30:57]} e5 {[%clk 1:30:45]} 2.Nf3 {[%clk 1:31:22]}
Nc6 {[%clk 1:31:04]} 3.Bb5 {[%clk 1:31:47]} Nf6 {[%clk 1:31:17]}
4.O-O {[%clk 1:32:11]} Nxe4 {[%clk 1:31:26]} 5.d4 {[%clk 1:32:37]}
Nd6 {[%clk 1:31:31]} 6.dxe5 {[%clk 1:33:01]} Nxb5 {[%clk 1:31:54]}
7.a4 {[%clk 1:33:27]} Nbd4 {[%clk 1:32:13]} 8.Nxd4 {[%clk 1:33:52]}
d5 {[%clk 1:32:25]} 9.c3 {[%clk 1:34:04]} Be7 {[%clk 1:27:05]}
10.f4 {[%clk 1:34:15]} g6 {[%clk 1:24:02]} 11.Nxc6 {[%clk 1:28:58]}
bxc6 {[%clk 1:24:23]} 12.Be3 {[%clk 1:29:24]} O-O {[%clk 1:20:01]}
13.Nd2 {[%clk 1:29:40]} f6 {[%clk 1:14:22]} 14.a5 {[%clk 1:22:53]}
Ba6 {[%clk 1:06:52]} 15.Rf2 {[%clk 1:22:34]} fxe5 {[%clk 1:00:14]}
16.fxe5 {[%clk 1:22:54]} Rxf2 {[%clk 1:00:25]} 17.Bxf2 {[%clk 1:23:20]}
Qd7 {[%clk 0:58:31]} 18.Nb3 {[%clk 1:19:52]} Rf8 {[%clk 0:54:14]}
19.Qe1 {[%clk 1:10:27]} Qg4 {[%clk 0:44:08]} 20.h3 {[%clk 1:08:24]}
Qf4 {[%clk 0:35:59]} 21.Nd4 {[%clk 1:03:21]} Qe4 {[%clk 0:17:15]}
22.Qd2 {[%clk 0:55:55]} Bc5 {[%clk 0:09:15]} 23.b4 {[%clk 0:55:18]}
Bxd4 {[%clk 0:08:27]} 24.Bxd4 {[%clk 0:55:44]} Qf5 {[%clk 0:06:26]}
25.Re1 {[%clk 0:55:03]} Qe6 {[%clk 0:05:16]} 26.Bxa7 {[%clk 0:55:24]}
Rf5 {[%clk 0:05:21]} 27.Bd4 {[%clk 0:54:53]} g5 {[%clk 0:05:41]}
28.Qd1 {[%clk 0:54:50]} h6 {[%clk 0:05:41]} 29.Qg4 {[%clk 0:54:59]}
Kf7 {[%clk 0:05:03]} 30.Kh2 {[%clk 0:54:49]} Ke7 {[%clk 0:04:50]}
31.Re3 {[%clk 0:52:48]} Rf4 {[%clk 0:04:06]} 32.Qg3 {[%clk 0:53:05]}
Ke8 {[%clk 0:02:36]} 33.Rf3 {[%clk 0:50:35]} Rxf3 {[%clk 0:01:57]}
34.Qxf3 {[%clk 0:51:00]} Kd7 {[%clk 0:01:54]} 35.Qf8 {[%clk 0:49:19]}
Bb5 {[%clk 0:01:52]} 36.Kg1 {[%clk 0:40:53]} Bc4 {[%clk 0:01:54]}
37.Qg7+ {[%clk 0:41:12]} Kd8 {[%clk 0:01:09]} 38.Bc5 {[%clk 0:38:33]}
Kc8 {[%clk 0:00:42]} 39.Bb6 {[%clk 0:35:18]} Qd7 {[%clk 0:00:51]}
40.Qf8+ {[%clk 1:05:35]} Kb7 {[%clk 0:31:05]} 41.Bd4 {[%clk 1:05:57]}
h5 {[%clk 0:23:04]} 42.Qf6 {[%clk 1:06:02]} g4 {[%clk 0:23:08]}
43.e6 {[%clk 1:02:46]} Qh7 {[%clk 0:23:02]} 44.e7 {[%clk 0:59:51]}
Qb1+ {[%clk 0:18:05]} 45.Kh2 {[%clk 1:00:03]} Qe1 {[%clk 0:15:27]}
46.Be5 {[%clk 1:00:04]} c5 {[%clk 0:13:33]} 47.hxg4 {[%clk 0:56:10]}
Bb5 {[%clk 0:13:11]} 48.a6+ {[%clk 0:56:19]} Ka8 {[%clk 0:12:21]}
49.Bxc7 {[%clk 0:56:38]} Be8 {[%clk 0:11:23]} 50.Bg3 {[%clk 0:57:03]} 1-0

[Event "Russian Higher League 2021"]
[Site "?"]
[Date "2021.07.03"]
[Round "7.2"]
[White "Motylev, Alexander"]
[Black "Rakhmanov, Aleksandr"]
[Result "1/2-1/2"]
[WhiteElo "2639"]
[BlackElo "2651"]
[Annotator ""]
[Source ""]
[Remark ""]

1.e4 {[%clk 1:30:49]} e5 {[%clk 1:30:29]} 2.Nf3 {[%clk 1:31:11]}
Nf6 {[%clk 1:30:54]} 3.d4 {[%clk 1:31:16]} Nxe4 {[%clk 1:31:03]}
4.Bd3 {[%clk 1:31:29]} d5 {[%clk 1:31:23]} 5.Nxe5 {[%clk 1:31:42]}
Nd7 {[%clk 1:31:33]} 6.Nc3 {[%clk 1:31:47]} Nxc3 {[%clk 1:28:04]}
7.bxc3 {[%clk 1:32:03]} Bd6 {[%clk 1:28:27]} 8.Qh5 {[%clk 1:31:20]}
Qe7 {[%clk 1:06:31]} 9.O-O {[%clk 1:28:46]} Nf6 {[%clk 0:40:57]}
10.Qf3 {[%clk 1:24:49]} O-O {[%clk 0:38:47]} 11.Re1 {[%clk 1:23:11]}
Ne4 {[%clk 0:24:10]} 12.Bxe4 {[%clk 1:09:03]} dxe4 {[%clk 0:22:35]}
13.Rxe4 {[%clk 1:09:17]} Be6 {[%clk 0:16:46]} 14.c4 {[%clk 0:48:04]}
Rfe8 {[%clk 0:12:04]} 15.Re3 {[%clk 0:36:12]} Qh4 {[%clk 0:00:58]}
16.c3 {[%clk 0:28:05]} c6 {[%clk 0:00:40]} 17.Qe2 {[%clk 0:23:56]}
Qd8 {[%clk 0:00:35]} 18.c5 {[%clk 0:21:54]} Bxe5 {[%clk 0:00:39]}
19.Rxe5 {[%clk 0:21:58]} Qd7 {[%clk 0:00:55]} 20.Bf4 {[%clk 0:21:13]}
Bg4 {[%clk 0:00:57]} 21.f3 {[%clk 0:20:21]} f6 {[%clk 0:01:12]}
22.Rxe8+ {[%clk 0:15:22]} Rxe8 {[%clk 0:01:39]} 23.Qb2 {[%clk 0:15:25]}
Be6 {[%clk 0:01:51]} 24.Rb1 {[%clk 0:12:22]} Bc4 {[%clk 0:00:53]}
25.Qxb7 {[%clk 0:08:07]} Re1+ {[%clk 0:00:54]} 26.Kf2 {[%clk 0:08:29]}
Re2+ {[%clk 0:01:10]} 27.Kg3 {[%clk 0:07:20]} Qxb7 {[%clk 0:01:14]}
28.Rxb7 {[%clk 0:07:44]} Rxa2 {[%clk 0:01:26]} 29.Rc7 {[%clk 0:05:04]}
Bf1 {[%clk 0:01:26]} 30.Bd6 {[%clk 0:05:21]} Rxg2+ {[%clk 0:00:46]}
31.Kf4 {[%clk 0:05:44]} Bd3 {[%clk 0:00:35]} 32.h4 {[%clk 0:03:55]}
Bb5 {[%clk 0:00:33]} 33.Rxa7 {[%clk 0:02:39]} Rc2 {[%clk 0:00:40]}
34.Kf5 {[%clk 0:02:00]} h5 {[%clk 0:00:43]} 35.Ra3 {[%clk 0:00:34]}
Bc4 {[%clk 0:00:39]} 36.Kf4 {[%clk 0:00:45]} Kf7 {[%clk 0:00:37]}
37.Ra7+ {[%clk 0:00:54]} Kg8 {[%clk 0:01:03]} 38.Ra3 {[%clk 0:01:01]}
Kf7 {[%clk 0:01:29]} 39.Ra7+ {[%clk 0:01:15]} Kg8 {[%clk 0:01:55]}
40.Ra3 {[%clk 0:31:13]} 1/2-1/2

[Event "Russian Higher League 2021"]
[Site "?"]
[Date "2021.07.03"]
[Round "7.3"]
[White "Demchenko, Anton"]
[Black "Sarana, Alexey"]
[Result "1/2-1/2"]
[WhiteElo "2600"]
[BlackElo "2640"]
[Annotator ""]
[Source ""]
[Remark ""]

1.e4 {[%clk 1:30:56]} c5 {[%clk 1:30:55]} 2.Nf3 {[%clk 1:31:22]}
d6 {[%clk 1:31:20]} 3.d4 {[%clk 1:31:40]} cxd4 {[%clk 1:31:45]}
4.Nxd4 {[%clk 1:32:07]} Nf6 {[%clk 1:32:07]} 5.Nc3 {[%clk 1:32:32]}
a6 {[%clk 1:32:33]} 6.Nb3 {[%clk 1:32:41]} Nbd7 {[%clk 1:32:14]}
7.Be3 {[%clk 1:32:48]} g6 {[%clk 1:29:08]} 8.f3 {[%clk 1:32:12]}
Bg7 {[%clk 1:29:07]} 9.Qd2 {[%clk 1:32:28]} b5 {[%clk 1:29:31]}
10.a4 {[%clk 1:32:41]} bxa4 {[%clk 1:25:49]} 11.Rxa4 {[%clk 1:32:00]}
O-O {[%clk 1:26:13]} 12.Be2 {[%clk 1:32:21]} Nb6 {[%clk 1:26:30]}
13.Ra3 {[%clk 1:31:04]} Qc7 {[%clk 1:26:02]} 14.O-O {[%clk 1:30:03]}
Rd8 {[%clk 1:12:33]} 15.Qe1 {[%clk 1:17:37]} Nc4 {[%clk 1:05:23]}
16.Bxc4 {[%clk 1:16:51]} Qxc4 {[%clk 1:05:51]} 17.Qf2 {[%clk 1:12:09]}
Rb8 {[%clk 0:52:57]} 18.Bb6 {[%clk 1:03:46]} Re8 {[%clk 0:52:30]}
19.Na5 {[%clk 1:03:24]} Qe6 {[%clk 0:52:41]} 20.Nc6 {[%clk 1:02:02]}
Ra8 {[%clk 0:52:59]} 21.Rd1 {[%clk 0:57:22]} Bd7 {[%clk 0:50:26]}
22.Nb4 {[%clk 0:46:14]} Qc4 {[%clk 0:50:18]} 23.Nbd5 {[%clk 0:45:38]}
Nxd5 {[%clk 0:50:20]} 24.Nxd5 {[%clk 0:45:51]} Rac8 {[%clk 0:48:56]}
25.c3 {[%clk 0:43:47]} Be6 {[%clk 0:44:57]} 26.Nb4 {[%clk 0:38:19]}
Ra8 {[%clk 0:43:33]} 27.Rda1 {[%clk 0:36:00]} f5 {[%clk 0:43:18]}
28.exf5 {[%clk 0:35:15]} Bxf5 {[%clk 0:43:46]} 29.Qf1 {[%clk 0:33:18]}
Qxf1+ {[%clk 0:41:00]} 30.Kxf1 {[%clk 0:33:26]} Rab8 {[%clk 0:39:12]}
31.Be3 {[%clk 0:27:16]} Rxb4 {[%clk 0:37:46]} 32.cxb4 {[%clk 0:27:40]}
Bxb2 {[%clk 0:38:13]} 33.Rxa6 {[%clk 0:27:48]} Bxa1 {[%clk 0:36:10]}
34.Rxa1 {[%clk 0:28:13]} Rb8 {[%clk 0:35:46]} 35.Ra7 {[%clk 0:25:34]}
Rxb4 {[%clk 0:36:11]} 36.Rxe7 {[%clk 0:25:57]} h5 {[%clk 0:36:39]}
37.Bg5 {[%clk 0:17:13]} Rb1+ {[%clk 0:36:46]} 38.Re1 {[%clk 0:17:26]}
Rxe1+ {[%clk 0:37:14]} 39.Kxe1 {[%clk 0:17:51]} Kf7 {[%clk 0:37:41]}
40.h4 {[%clk 0:47:57]} Ke6 {[%clk 1:08:08]} 1/2-1/2